[Event "ROM-chT"]
[Site "Mamaia"]
[Date "2019.09.29"]
[Round "9.5"]
[White "Pop, Alexandru"]
[Black "Iordachescu, Viorel"]
[Result "0-1"]
[WhiteElo "2274"]
[BlackElo "2602"]
[PlyCount "84"]
[EventDate "2019.09.21"]
[EventType "team-tourn"]
[EventRounds "9"]
[EventCountry "ROU"]
[SourceTitle "EXT 2020"]
[Source "ChessBase"]
[SourceDate "2019.10.17"]
[SourceVersion "1"]
[SourceVersionDate "2019.10.17"]
[SourceQuality "1"]
[WhiteTeam "Otopeni"]
[BlackTeam "Iasi Politehnica"]
[WhiteTeamCountry "ROU"]
[BlackTeamCountry "ROU"]

1. Nf3 Nf6 2. c4 g6 3. d4 Bg7 4. e3 0-0 5. Be2 c5 6. d5 e6 7. Nc3 d6 8. 0-0 exd5 9. cxd5 Bg4 10. h3 Bxf3 11. Bxf3 a6 12. a4 Nbd7 13. Re1 Re8 14. e4 c4 15. Be3 Rc8 16. Qc2 Nc5 17. Rad1 Nd3 18. Rf1 Qa5 19. Bd2 Qb6 20. Rb1 Qb3 21. Qxb3 cxb3 22. Rfd1 Nd7 23. Bg4 N3e5 24. Be2 Nc4 25. Bg4 Rc7 26. Bc1 Nc5 27. Bf3 h5 28. Kf1 Be5 29. Kg1 Nb6 30. Ne2 Nbxa4 31. g4 hxg4 32. hxg4 Nb6 33. Bg2 Nc4 34. f4 Bg7 35. Ng3 a5 36. Kf2 a4 37. Kf3 a3 38. bxa3 b2 39. Be3 Nxa3 40. e5 Nxb1 41. Rxb1 dxe5 42. d6 exf4 0-1

[Event "ROM-chT"]
[Site "Mamaia"]
[Date "2019.09.23"]
[Round "3.2"]
[White "Pop, Alexandru"]
[Black "Filip, Lucian Ioan"]
[Result "0-1"]
[WhiteElo "2274"]
[BlackElo "2419"]
[PlyCount "128"]
[EventDate "2019.09.21"]
[EventType "team-tourn"]
[EventRounds "9"]
[EventCountry "ROU"]
[SourceTitle "EXT 2020"]
[Source "ChessBase"]
[SourceDate "2019.10.17"]
[SourceVersion "1"]
[SourceVersionDate "2019.10.17"]
[SourceQuality "1"]
[WhiteTeam "Otopeni"]
[BlackTeam "Timisoara Vest Univ"]
[WhiteTeamCountry "ROU"]
[BlackTeamCountry "ROU"]

1. Nf3 Nf6 2. c4 b6 3. Nc3 Bb7 4. d4 e6 5. a3 Ne4 6. Nxe4 Bxe4 7. e3 Be7 8. Be2 0-0 9. 0-0 c5 10. d5 exd5 11. Nd2 Qc7 12. f3 Bg6 13. cxd5 d6 14. g4 f5 15. gxf5 Bxf5 16. Kh1 Nd7 17. Rg1 Bh4 18. e4 Bg6 19. Qf1 Rae8 20. Qg2 Nf6 21. Bb5 Re7 22. Rf1 Nh5 23. Nc4 Ref7 24. Qg4 Be7 25. Bd2 Nf4 26. e5 dxe5 27. d6 Bxd6 28. Bxf4 Bf5 29. Qg2 exf4 30. Nxd6 Qxd6 31. Rad1 Qf6 32. Bc4 Be6 33. Rd6 Bxc4 34. Rxf6 Bxf1 35. Qxf1 Rxf6 36. Qc4+ Kh8 37. Qa6 R8f7 38. Qc8+ Rf8 39. Qa6 R6f7 40. b4 Rc7 41. Qc4 h6 42. a4 Rfc8 43. Kg2 Rc6 44. b5 Rf6 45. Kf2 Rd8 46. a5 Rd2+ 47. Kf1 Rd4 48. Qe2 Rfd6 49. Qe8+ Kh7 50. Kg2 bxa5 51. Qe7 a6 52. bxa6 Rxa6 53. Qxc5 Rd2+ 54. Kh3 Rdd6 55. Qf5+ Rg6 56. Kh4 a4 57. h3 a3 58. Kh5 Ra5 59. Kh4 Raa6 60. Kh5 Raf6 61. Qc2 Rc6 62. Qf5 Rc5 63. Kh4 a2 64. Qe5 Rg4+ 0-1

[Event "Arad op 12th"]
[Site "Arad"]
[Date "2019.07.27"]
[Round "5"]
[White "Albu, George"]
[Black "Pop, Alexandru"]
[Result "1-0"]
[WhiteElo "2014"]
[BlackElo "2276"]
[PlyCount "117"]
[EventDate "2019.07.24"]
[EventType "swiss"]
[EventRounds "9"]
[EventCountry "ROU"]
[SourceTitle "CBM 191 Extra"]
[Source "ChessBase"]
[SourceDate "2019.09.30"]
[SourceVersion "1"]
[SourceVersionDate "2019.09.30"]
[SourceQuality "1"]

1. d4 Nf6 2. c4 e6 3. Nc3 Bb4 4. e3 0-0 5. Nge2 d5 6. a3 Be7 7. Nf4 c6 8. Bd3 Nbd7 9. 0-0 dxc4 10. Bxc4 e5 11. dxe5 Nxe5 12. Be2 Bf5 13. b4 Qc7 14. Bb2 Rad8 15. Qc1 g5 16. Nb5 Qb8 17. Nd4 Bc8 18. Nd3 Bd6 19. Nxe5 Bxe5 20. g3 Bh3 21. Rd1 Rfe8 22. Qc2 Nd5 23. Nf3 Bxb2 24. Qxb2 h6 25. Rd4 Qc8 26. Rad1 Qf5 27. R4d2 a6 28. Nd4 Qe5 29. Nf3 Qxb2 30. Rxb2 Nc3 31. Rxd8 Rxd8 32. Nd4 b6 33. Bf1 Bxf1 34. Kxf1 c5 35. bxc5 bxc5 36. Nf5 Rd1+ 37. Kg2 Rb1 38. Rd2 Rb3 39. Rd7 Rxa3 40. Nxh6+ Kg7 41. Nxf7 Kf6 42. Rc7 Nb5 43. Rxc5 Kxf7 44. Rxg5 Nc3 45. h4 Ra2 46. g4 a5 47. h5 Ne4 48. Rf5+ Kg7 49. Kf3 Nxf2 50. g5 Nd3 51. Rd5 Ne1+ 52. Ke4 a4 53. Rd7+ Kf8 54. h6 Rh2 55. Ra7 Kg8 56. Kf5 Rf2+ 57. Kg6 Rf8 58. h7+ Kh8 59. Kh6 1-0

[Event "ROM-ch"]
[Site "Olanesti"]
[Date "2019.03.09"]
[Round "8"]
[White "Voiteanu, Christian Gabriel"]
[Black "Pop, Alexandru"]
[Result "0-1"]
[WhiteElo "2121"]
[BlackElo "2304"]
[PlyCount "114"]
[EventDate "2019.03.02"]
[EventType "swiss"]
[EventRounds "9"]
[EventCountry "ROU"]
[SourceTitle "CBM 189 Extra"]
[Source "ChessBase"]
[SourceDate "2019.06.03"]
[SourceVersion "1"]
[SourceVersionDate "2019.06.03"]
[SourceQuality "1"]

1. b3 d5 2. Bb2 c5 3. e3 Nf6 4. Nf3 Nc6 5. Bb5 Qb6 6. a4 a6 7. Bxc6+ Qxc6 8. Ne5 Qc7 9. a5 b5 10. axb6 Qxb6 11. 0-0 e6 12. d3 Be7 13. Ng4 Bb7 14. Nxf6+ gxf6 15. Nd2 h5 16. d4 cxd4 17. exd4 Bd6 18. Qf3 f5 19. Rfe1 Qc7 20. Qxf5 Bxh2+ 21. Kh1 Bf4 22. Nf3 0-0-0 23. Qd3 h4 24. Ne5 Rdg8 25. Bc3 f6 26. Ng6 h3 27. g3 Rxg6 28. Qxg6 Qxc3 29. Qg4 Bc7 30. Qxe6+ Kb8 31. Qxf6 Rg8 32. Rac1 Bc8 33. Red1 Re8 34. Rd3 Qb2 35. Qg5 Re2 36. Kg1 Bf5 37. Rf3 Be4 38. Rf8+ Kb7 39. Rf1 Qxd4 40. Qg4 Rxc2 41. Qxh3 Qg7 42. Qc8+ Kb6 43. Rg8 Qh6 44. Rh8 Qg7 45. Rg8 Qh6 46. Rh8 Qg5 47. Qf8 Qd2 48. Rh6+ Kb7 49. Qf6 Bd3 50. Ra1 Bb5 51. Rh4 Bxg3 52. Rh7+ Bc7 53. Rh4 Rc1+ 54. Rxc1 Qxc1+ 55. Kg2 Bf1+ 56. Kf3 Qd1+ 57. Ke3 Qd3# 0-1

[Event "ROM-chT"]
[Site "Sovata"]
[Date "2018.11.28"]
[Round "5.4"]
[White "Pop, Alexandru"]
[Black "Marin, Mihail"]
[Result "1/2-1/2"]
[WhiteElo "2274"]
[BlackElo "2555"]
[PlyCount "170"]
[EventDate "2018.11.24"]
[EventType "team-tourn"]
[EventRounds "9"]
[EventCountry "ROU"]
[SourceTitle "CBM 187 Extra"]
[Source "ChessBase"]
[SourceDate "2018.11.04"]
[SourceVersion "1"]
[SourceVersionDate "2018.11.04"]
[SourceQuality "1"]
[WhiteTeam "Otopeni"]
[BlackTeam "Timisoara Medicina"]
[WhiteTeamCountry "ROU"]
[BlackTeamCountry "ROU"]

1. d4 e6 2. Nf3 Nf6 3. Bf4 b6 4. e3 Bb7 5. Bd3 d6 6. h3 g6 7. 0-0 Bg7 8. a4 a6 9. Nbd2 0-0 10. c3 Nc6 11. Qc2 Qe7 12. Rfe1 Nd7 13. Bg5 Qe8 14. e4 e5 15. d5 Ne7 16. b4 f6 17. Bh4 c6 18. dxc6 Bxc6 19. c4 a5 20. b5 Bb7 21. Nb3 Rc8 22. Qe2 f5 23. Nfd2 Kh8 24. Rad1 Ng8 25. f3 Bf6 26. Bf2 f4 27. Nb1 Qe7 28. Nc3 Nh6 29. Rc1 Bh4 30. Red1 Bxf2+ 31. Qxf2 Nf7 32. Nd5 Bxd5 33. cxd5 Rxc1 34. Rxc1 Nc5 35. Nxc5 dxc5 36. Bc4 Nd6 37. Kf1 Kg7 38. Ke2 Kf7 39. Kd3 Ke8 40. Rh1 Kd8 41. Rh2 Kc7 42. Rh1 Rg8 43. Rh2 g5 44. Rh1 h5 45. Kc3 Rg7 46. Kd3 Rh7 47. Qe1 Qg7 48. Rh2 Rh6 49. Qh1 Qh8 50. Kc3 Kd8 51. Kd3 Ke7 52. Kc3 Kf6 53. Kd3 Kg6 54. Kc3 Kg7 55. Kb3 g4 56. hxg4 hxg4 57. Rxh6 Qxh6 58. Qxh6+ Kxh6 59. Kc3 Kg5 60. Bd3 Kh4 61. fxg4 Kxg4 62. Be2+ Kg3 63. Bf3 Kf2 64. Kd2 Kg3 65. Kc3 Kh4 66. Kd3 Kg5 67. Kc3 Kf6 68. Kd3 Ke7 69. Kc3 c4 70. Kd2 Nb7 71. Bd1 Kd6 72. Kc3 Kc5 73. Be2 Nd6 74. Bf3 Ne8 75. Be2 Nf6 76. Bf3 Kd6 77. Kxc4 Ke7 78. Kc3 Kd7 79. Kc2 Kd6 80. Kd2 Kc5 81. Kc3 Ne8 82. Be2 Nd6 83. Bd3 Nf7 84. Be2 Nd6 85. Bd3 Nf7 1/2-1/2

[Event "ROM-chT"]
[Site "Sovata"]
[Date "2018.11.27"]
[Round "4.3"]
[White "Ardelean, George Catalin"]
[Black "Pop, Alexandru"]
[Result "1/2-1/2"]
[WhiteElo "2494"]
[BlackElo "2274"]
[PlyCount "118"]
[EventDate "2018.11.24"]
[EventType "team-tourn"]
[EventRounds "9"]
[EventCountry "ROU"]
[SourceTitle "CBM 187 Extra"]
[Source "ChessBase"]
[SourceDate "2018.11.04"]
[SourceVersion "1"]
[SourceVersionDate "2018.11.04"]
[SourceQuality "1"]
[WhiteTeam "Galati"]
[BlackTeam "Otopeni"]
[WhiteTeamCountry "ROU"]
[BlackTeamCountry "ROU"]

1. d4 d5 2. Nc3 e6 3. Bf4 Bd6 4. e3 Nf6 5. Qf3 0-0 6. Nge2 a6 7. g4 b5 8. g5 Nfd7 9. Qg3 Nb6 10. Bg2 b4 11. Nb1 a5 12. Nd2 Ba6 13. h4 N8d7 14. h5 Qe7 15. Rh4 Rfc8 16. e4 Bxe2 17. e5 Ba6 18. exd6 cxd6 19. Bxd6 Qe8 20. 0-0-0 Rc6 21. Kb1 Rac8 22. Rc1 Bd3 23. Qxd3 Rxd6 24. Qg3 Rdc6 25. Bf1 Nc4 26. Bxc4 dxc4 27. Ne4 Qe7 28. Re1 Rb6 29. g6 fxg6 30. hxg6 h6 31. Rf4 b3 32. Qc3 bxa2+ 33. Ka1 Qb4 34. Nc5 Qxc3 35. bxc3 Nxc5 36. dxc5 Rb1+ 37. Rxb1 axb1Q+ 38. Kxb1 Rxc5 39. Rd4 Kf8 40. Rf4+ Rf5 41. Rxc4 Ke7 42. Rc8 Kf6 43. c4 Kxg6 44. c5 Rxf2 45. Kb2 Rf3 46. Ra8 Rf5 47. Rxa5 Kf6 48. Kb3 g5 49. Kb4 g4 50. c6 Rxa5 51. Kxa5 Ke7 52. Ka6 g3 53. c7 g2 54. c8Q g1Q 55. Qc7+ Kf6 56. Qf4+ Kg7 57. Qe5+ Kf7 58. Qf4+ Kg7 59. Qe5+ Kf7 1/2-1/2

[Event "ROM-chT"]
[Site "Sovata"]
[Date "2018.11.25"]
[Round "2.4"]
[White "Iordachescu, Viorel"]
[Black "Pop, Alexandru"]
[Result "1-0"]
[WhiteElo "2597"]
[BlackElo "2274"]
[PlyCount "63"]
[EventDate "2018.11.24"]
[EventType "team-tourn"]
[EventRounds "9"]
[EventCountry "ROU"]
[SourceTitle "CBM 187 Extra"]
[Source "ChessBase"]
[SourceDate "2018.11.04"]
[SourceVersion "1"]
[SourceVersionDate "2018.11.04"]
[SourceQuality "1"]
[WhiteTeam "Iasi Politehnica"]
[BlackTeam "Otopeni"]
[WhiteTeamCountry "ROU"]
[BlackTeamCountry "ROU"]

1. e4 e6 2. d4 d5 3. Nd2 Nf6 4. e5 Nfd7 5. Bd3 c5 6. c3 b6 7. Nh3 Ba6 8. Bxa6 Nxa6 9. 0-0 Be7 10. Qg4 g6 11. Nf3 h6 12. Bd2 Qc7 13. Nf4 Nf8 14. c4 dxc4 15. d5 exd5 16. Nxd5 Qd7 17. Qxc4 Nc7 18. Nxe7 Qxe7 19. b4 Nfe6 20. bxc5 Qxc5 21. Qa4+ Qb5 22. Qh4 Rd8 23. Rac1 Nd5 24. Rfd1 Qa6 25. Ng5 Nc5 26. Ne4 Nxe4 27. Qxe4 Qb7 28. Bb4 Qa8 29. Bd6 Ne7 30. Qa4+ Kf8 31. Rc7 Re8 32. Qd7 1-0

[Event "ROM-chT2"]
[Site "Slanic Moldova"]
[Date "2017.10.07"]
[Round "8.3"]
[White "Ciobanu, Viorel Adrian"]
[Black "Pop, Alexandru"]
[Result "1-0"]
[WhiteElo "2192"]
[BlackElo "2285"]
[PlyCount "122"]
[EventDate "2017.09.30"]
[EventType "team-tourn"]
[EventRounds "9"]
[EventCountry "ROU"]
[SourceTitle "CBM 181 Extra"]
[Source "ChessBase"]
[SourceDate "2017.12.12"]
[SourceVersion "1"]
[SourceVersionDate "2017.12.12"]
[SourceQuality "1"]
[WhiteTeam "Galati Diana"]
[BlackTeam "Otopeni"]
[WhiteTeamCountry "ROU"]
[BlackTeamCountry "ROU"]

1. e4 e5 2. Nf3 Nc6 3. Bb5 a6 4. Ba4 Nf6 5. 0-0 Be7 6. Re1 b5 7. Bb3 d6 8. c3 0-0 9. h3 Nb8 10. d4 Nbd7 11. Nbd2 Bb7 12. Bc2 Re8 13. Nf1 Bf8 14. Ng3 g6 15. b3 Bg7 16. d5 Qc8 17. Be3 c6 18. c4 Qc7 19. Qd2 c5 20. Bh6 Reb8 21. Bxg7 Kxg7 22. Nh4 Kh8 23. f4 Qd8 24. Nf3 Qe7 25. Re2 Re8 26. Rf1 Bc8 27. Ref2 Ng8 28. f5 f6 29. fxg6 hxg6 30. h4 Nf8 31. h5 g5 32. Nh2 Nh7 33. Nf5 Bxf5 34. Rxf5 Nh6 35. R5f2 Rf8 36. Bd1 Qd7 37. Be2 b4 38. Qd1 a5 39. Bg4 Qe7 40. Bf5 a4 41. Ng4 Nxf5 42. Rxf5 axb3 43. axb3 Kg7 44. Qd2 Kh8 45. Qe3 Qg7 46. Qh3 Ra3 47. R5f3 Rg8 48. Rxf6 Nxf6 49. Rxf6 Rf8 50. Rh6+ Kg8 51. Rg6 Ra1+ 52. Kh2 Rff1 53. Rxg7+ Kxg7 54. Qe3 Rf4 55. Qe2 Rb1 56. g3 Rff1 57. Nf2 Rfc1 58. Qg4 Rc2 59. Qxg5+ Kh8 60. Qf6+ Kg8 61. h6 Rh1+ 1-0

[Event "ROM-chT2"]
[Site "Slanic Moldova"]
[Date "2017.10.01"]
[Round "2.3"]
[White "Pop, Alexandru"]
[Black "Calin, Alexandru"]
[Result "1/2-1/2"]
[WhiteElo "2285"]
[BlackElo "2143"]
[PlyCount "161"]
[EventDate "2017.09.30"]
[EventType "team-tourn"]
[EventRounds "9"]
[EventCountry "ROU"]
[SourceTitle "CBM 181 Extra"]
[Source "ChessBase"]
[SourceDate "2017.12.12"]
[SourceVersion "1"]
[SourceVersionDate "2017.12.12"]
[SourceQuality "1"]
[WhiteTeam "Otopeni"]
[BlackTeam "Constanta Fianchetto"]
[WhiteTeamCountry "ROU"]
[BlackTeamCountry "ROU"]

1. d4 d6 2. e4 Nf6 3. Nd2 e5 4. c3 Be7 5. Ngf3 Nbd7 6. Bd3 0-0 7. 0-0 c6 8. a4 Re8 9. Re1 Qc7 10. Nf1 Nf8 11. Ng3 Ng6 12. Nf5 h6 13. dxe5 dxe5 14. Bc4 Bf8 15. Qb3 Be6 16. Bxe6 Rxe6 17. a5 Ree8 18. Qa4 Qc8 19. Be3 b5 20. axb6 axb6 21. Qxa8 Qxa8 22. Rxa8 Rxa8 23. Bxb6 Rb8 24. Bc7 Rxb2 25. Bxe5 Nxe5 26. Nxe5 Nxe4 27. c4 Bb4 28. Rd1 Rxf2 29. Ng3 Rd2 30. Rxd2 Nxd2 31. Nxc6 Bc5+ 32. Kh1 Nxc4 33. Ne4 Bd6 34. g3 f5 35. Nxd6 Nxd6 36. Kg2 Kf7 37. h4 Kf6 38. Kf3 Nc4 39. Nd4 g6 40. Ne2 g5 41. hxg5+ hxg5 42. Nc3 g4+ 43. Kf2 Ke5 44. Ne2 Ke4 45. Nf4 Nd6 46. Ne2 Kd3 47. Nf4+ Kd2 48. Nd5 Ne4+ 49. Kg2 Nc3 50. Nf4 Nd1 51. Ng6 Ke1 52. Nf4 Kd2 53. Ng6 Ke3 54. Nf4 Nc3 55. Ng6 Nd5 56. Nh4 Ne7 57. Kf1 Ke4 58. Kf2 Nd5 59. Ng6 Kd3 60. Nh4 Ne3 61. Ng6 Nd1+ 62. Kg2 Ke2 63. Nf4+ Ke1 64. Nd3+ Kd2 65. Nf4 Ke3 66. Ng6 Ke4 67. Nf4 Nb2 68. Ng6 Nd3 69. Nh4 Ke5 70. Kf1 Kf6 71. Ng2 Nc5 72. Nf4 Ne6 73. Ne2 Ke5 74. Kf2 Ng5 75. Nf4 Kd4 76. Ng6 Ke4 77. Kg2 Kd5 78. Nf4+ Ke5 79. Ng6+ Kf6 80. Nf4 Ne6 81. Ne2 1/2-1/2

[Event "ROM-ch"]
[Site "Olanesti"]
[Date "2016.04.07"]
[Round "6"]
[White "Martian, Dragos Daniel"]
[Black "Pop, Alexandru"]
[Result "1/2-1/2"]
[WhiteElo "2233"]
[BlackElo "2286"]
[PlyCount "98"]
[EventDate "2016.04.02"]
[EventType "swiss"]
[EventRounds "9"]
[EventCountry "ROU"]
[SourceTitle "CBM 171 Extra"]
[Source "ChessBase"]
[SourceDate "2016.04.26"]
[SourceVersion "1"]
[SourceVersionDate "2016.04.26"]
[SourceQuality "1"]

1. e4 e5 2. Nf3 Nc6 3. Bc4 Bc5 4. d3 Nf6 5. Bb3 0-0 6. h3 d6 7. c3 Be6 8. 0-0 d5 9. Qe2 Re8 10. Re1 h6 11. Nbd2 a6 12. Nf1 dxe4 13. dxe4 Nh5 14. Bxe6 Rxe6 15. Be3 Bxe3 16. Nxe3 Nf4 17. Qc2 Rg6 18. Kh2 Qd7 19. Nh4 Rd6 20. Red1 g6 21. Rxd6 cxd6 22. Rd1 Rd8 23. Qb3 Ne7 24. Nf3 Qc8 25. Nc4 Qc7 26. Qb6 Qxb6 27. Nxb6 f6 28. Ne1 Ne6 29. Nc2 Nc7 30. Ne3 Kf7 31. Rd2 Ke6 32. g3 f5 33. f3 Nc8 34. Nxc8 Rxc8 35. Kg2 Rd8 36. Nd5 Nxd5 37. Rxd5 Rc8 38. Kf2 Rc4 39. Ke3 b5 40. Rd2 Rc5 41. Rd1 d5 42. Rd3 a5 43. b3 b4 44. exd5+ Rxd5 45. Rxd5 Kxd5 46. c4+ Kc5 47. h4 h5 48. Kd3 Kd6 49. Ke3 Kc5 1/2-1/2

[Event "ROM-chT2"]
[Site "Mamaia"]
[Date "2015.10.05"]
[Round "3.3"]
[White "Andronescu, Madalin"]
[Black "Pop, Alexandru"]
[Result "0-1"]
[WhiteElo "2239"]
[BlackElo "2271"]
[PlyCount "52"]
[EventDate "2015.10.03"]
[EventType "team-tourn"]
[EventRounds "9"]
[EventCountry "ROU"]
[SourceTitle "CBM 169 Extra"]
[Source "ChessBase"]
[SourceDate "2015.12.18"]
[SourceVersion "1"]
[SourceVersionDate "2015.12.18"]
[SourceQuality "1"]
[WhiteTeam "Buzau Pheonix"]
[BlackTeam "Otopeni"]
[WhiteTeamCountry "ROU"]
[BlackTeamCountry "ROU"]

1. d4 d5 2. c4 e6 3. Nf3 c5 4. e3 Nf6 5. Nbd2 Nc6 6. dxc5 Bxc5 7. Nb3 Bb6 8. Be2 0-0 9. 0-0 Qe7 10. a3 Rd8 11. Qc2 e5 12. c5 Bc7 13. Rd1 Bg4 14. Ne1 Be6 15. f4 exf4 16. exf4 d4 17. Bd3 Bg4 18. Nf3 Bxf3 19. gxf3 h6 20. Bb5 Nh5 21. Bxc6 bxc6 22. Nxd4 Qf6 23. Qe4 Rd5 24. Be3 Rad8 25. Rd2 Bxf4 26. Rad1 Re5 0-1

[Event "Vienna op"]
[Site "Vienna"]
[Date "2015.08.23"]
[Round "9"]
[White "Antal, Gergely"]
[Black "Pop, Alexandru"]
[Result "1-0"]
[WhiteElo "2524"]
[BlackElo "2248"]
[PlyCount "53"]
[EventDate "2015.08.15"]
[EventType "swiss"]
[EventRounds "9"]
[EventCountry "AUT"]
[SourceTitle "EXT 2016"]
[Source "ChessBase"]
[SourceDate "2015.10.08"]
[SourceVersion "1"]
[SourceVersionDate "2015.10.08"]
[SourceQuality "1"]

1. e4 c5 2. Nf3 d6 3. Bb5+ Bd7 4. Bxd7+ Qxd7 5. 0-0 Nf6 6. Qe2 Nc6 7. Rd1 e6 8. b3 Be7 9. Bb2 0-0 10. d4 cxd4 11. Nxd4 a6 12. c4 Rab8 13. Nc3 Nxd4 14. Rxd4 Qc6 15. a4 Nd7 16. Rd3 Nc5 17. Rg3 g6 18. Qh5 Bf6 19. Qh6 Rfe8 20. Rh3 Nxe4 21. Qxh7+ Kf8 22. Rf3 Re7 23. Rxf6 Nxf6 24. Qh6+ Ke8 25. Qh8+ Kd7 26. Qxb8 Qb6 27. c5 1-0

[Event "Arad op 8th"]
[Site "Arad"]
[Date "2015.08.11"]
[Round "8"]
[White "Pop, Alexandru"]
[Black "Peptan, Corina Isabela"]
[Result "1/2-1/2"]
[WhiteElo "2248"]
[BlackElo "2423"]
[PlyCount "82"]
[EventDate "2015.08.06"]
[EventType "swiss"]
[EventRounds "9"]
[EventCountry "ROU"]
[SourceTitle "CBM 167 Extra"]
[Source "ChessBase"]
[SourceDate "2015.09.14"]
[SourceVersion "1"]
[SourceVersionDate "2015.09.14"]
[SourceQuality "1"]

1. e4 c5 2. Nf3 e6 3. g3 Nc6 4. Bg2 Nf6 5. Qe2 d6 6. 0-0 Be7 7. c3 e5 8. Rd1 Bg4 9. d3 Qd7 10. Nbd2 h5 11. Nf1 h4 12. Ne3 hxg3 13. Nxg4 Nxg4 14. hxg3 Bf6 15. b3 b5 16. a3 Rb8 17. Bb2 Qe6 18. b4 a5 19. d4 exd4 20. cxd4 cxd4 21. Nxd4 Nxd4 22. Bxd4 axb4 23. axb4 Ne5 24. Ba7 0-0 25. Bxb8 Rxb8 26. Ra6 Nc4 27. Qa2 Qg4 28. Rd5 Kh7 29. Ra8 Rxa8 30. Qxa8 Nb6 31. Qc6 Nxd5 32. Qxd5 Qd7 33. Bf1 Bc3 34. Bxb5 Qe6 35. Bc4 Qxd5 36. Bxd5 Bxb4 37. Bxf7 g5 38. Kg2 Kg7 39. Bd5 Kf6 40. Kf3 Bd2 41. Kg4 Ke5 1/2-1/2

[Event "ROM-ch"]
[Site "Calimanesti"]
[Date "2015.04.25"]
[Round "8"]
[White "Costachi, Mihnea"]
[Black "Pop, Alexandru"]
[Result "1-0"]
[WhiteElo "2361"]
[BlackElo "2192"]
[PlyCount "71"]
[EventDate "2015.04.18"]
[EventType "swiss"]
[EventRounds "9"]
[EventCountry "ROU"]
[SourceTitle "CBM 166 Extra"]
[Source "ChessBase"]
[SourceDate "2015.06.18"]
[SourceVersion "1"]
[SourceVersionDate "2015.06.18"]
[SourceQuality "1"]

1. d4 Nf6 2. c4 g6 3. Nc3 Bg7 4. e4 d6 5. Be2 0-0 6. Bg5 Na6 7. Qd2 e5 8. d5 Qe8 9. Bd1 Nh5 10. Ba4 Bd7 11. Bxd7 Qxd7 12. Nge2 f5 13. exf5 gxf5 14. f3 Kh8 15. 0-0-0 Nc5 16. Ng3 Qf7 17. Be3 a6 18. Bxc5 dxc5 19. Kb1 Nf4 20. Nf1 b5 21. g3 Ng6 22. h4 e4 23. f4 Rfb8 24. Ka1 Rb6 25. Ne3 Rab8 26. Rb1 Qf6 27. h5 Nf8 28. h6 Bxh6 29. Rh5 Qd4 30. Qe1 b4 31. Nxf5 bxc3 32. Nxd4 Bg7 33. Nb3 cxb2+ 34. Rxb2 a5 35. Qxa5 e3 36. Re5 1-0

[Event "ROM-ch"]
[Site "Calimanesti"]
[Date "2015.04.24"]
[Round "7"]
[White "Pop, Alexandru"]
[Black "Nastase, Robert Paul"]
[Result "1-0"]
[WhiteElo "2192"]
[BlackElo "2197"]
[PlyCount "43"]
[EventDate "2015.04.18"]
[EventType "swiss"]
[EventRounds "9"]
[EventCountry "ROU"]
[SourceTitle "CBM 166 Extra"]
[Source "ChessBase"]
[SourceDate "2015.06.18"]
[SourceVersion "1"]
[SourceVersionDate "2015.06.18"]
[SourceQuality "1"]

1. d4 d5 2. c4 c6 3. Nc3 e6 4. e3 Nf6 5. Nf3 Nbd7 6. Bd3 dxc4 7. Bxc4 b5 8. Bd3 Bb7 9. 0-0 a6 10. a4 b4 11. Ne4 c5 12. Nxf6+ Nxf6 13. dxc5 Bxc5 14. Qe2 Qd5 15. Rd1 0-0-0 16. Rd2 Ne4 17. Bxa6 Nxd2 18. Bxd2 Kb8 19. Rc1 Rc8 20. e4 Bxa6 21. Qxa6 Qb7 22. Bf4+ 1-0

[Event "ROM-ch"]
[Site "Calimanesti"]
[Date "2015.04.19"]
[Round "2"]
[White "Georgescu, Tiberiu Marian"]
[Black "Pop, Alexandru"]
[Result "1-0"]
[WhiteElo "2477"]
[BlackElo "2192"]
[PlyCount "83"]
[EventDate "2015.04.18"]
[EventType "swiss"]
[EventRounds "9"]
[EventCountry "ROU"]
[SourceTitle "CBM 166 Extra"]
[Source "ChessBase"]
[SourceDate "2015.06.18"]
[SourceVersion "1"]
[SourceVersionDate "2015.06.18"]
[SourceQuality "1"]

1. Nf3 Nf6 2. b3 g6 3. Bb2 Bg7 4. e4 d6 5. Bc4 0-0 6. Qe2 a6 7. d4 d5 8. exd5 Nxd5 9. 0-0 Nc6 10. Bxd5 Qxd5 11. c4 Qe6 12. Qd2 Qf6 13. Bc3 Rd8 14. d5 e5 15. Re1 b5 16. Qc1 b4 17. Bb2 Bg4 18. Nxe5 Nxe5 19. Bxe5 Qxe5 20. Rxe5 Bxe5 21. Nd2 c6 22. Rb1 cxd5 23. Nf3 Bxf3 24. gxf3 d4 25. Qe1 Bf4 26. Rd1 Bd6 27. Qe4 Bc5 28. Qc6 Rdc8 29. Qd5 a5 30. f4 Ra7 31. f5 Re7 32. Rd3 Ree8 33. fxg6 hxg6 34. h4 Red8 35. Qb7 Rb8 36. Qc7 Bb6 37. Qf4 Rbc8 38. Qf6 Bc5 39. Rf3 d3 40. Qxf7+ Kh8 41. Qf6+ Kh7 42. h5 1-0

[Event "ROM-ch"]
[Site "Calimanesti"]
[Date "2015.04.18"]
[Round "1"]
[White "Pop, Alexandru"]
[Black "Dobre, Claudiu Cristian"]
[Result "1-0"]
[WhiteElo "2192"]
[BlackElo "2358"]
[PlyCount "58"]
[EventDate "2015.04.18"]
[EventType "swiss"]
[EventRounds "9"]
[EventCountry "ROU"]
[SourceTitle "CBM 166 Extra"]
[Source "ChessBase"]
[SourceDate "2015.06.18"]
[SourceVersion "1"]
[SourceVersionDate "2015.06.18"]
[SourceQuality "1"]

1. d4 d5 2. c4 c6 3. Nc3 Nf6 4. e3 e6 5. Nf3 Nbd7 6. Bd3 dxc4 7. Bxc4 b5 8. Bd3 a6 9. 0-0 c5 10. a4 b4 11. Ne4 Bb7 12. Nxf6+ Nxf6 13. Qe2 cxd4 14. Nxd4 e5 15. Nb3 e4 16. Bc4 Bd6 17. Nd4 Qa5 18. b3 Qe5 19. g3 0-0 20. Bb2 Qa5 21. Rfd1 Be5 22. Rac1 Rfe8 23. Rc2 g6 24. Rdc1 Nd7 25. Qg4 Rad8 26. h4 Bd6 27. Ne6 Rc8 28. Ng5 Rxc4 29. Qxd7 Rf8 1-0

[Event "ROM-chT2"]
[Site "Calimanesti"]
[Date "2014.11.14"]
[Round "7.4"]
[White "Florea, Leonard Gelu"]
[Black "Pop, Alexandru"]
[Result "1/2-1/2"]
[WhiteElo "2018"]
[BlackElo "2201"]
[PlyCount "100"]
[EventDate "2014.11.08"]
[EventType "team-tourn"]
[EventRounds "9"]
[EventCountry "ROU"]
[SourceTitle "CBM 163 Extra"]
[Source "ChessBase"]
[SourceDate "2014.12.23"]
[SourceVersion "1"]
[SourceVersionDate "2014.12.23"]
[SourceQuality "1"]
[WhiteTeam "Galati Diana"]
[BlackTeam "Otopeni"]
[WhiteTeamCountry "ROU"]
[BlackTeamCountry "ROU"]

1. d4 Nf6 2. c4 e6 3. Nf3 d5 4. Nc3 c5 5. cxd5 Nxd5 6. Nxd5 Qxd5 7. e3 Nc6 8. Bb5 Bd7 9. 0-0 cxd4 10. Nxd4 Nxd4 11. Bxd7+ Qxd7 12. Qxd4 Qxd4 13. exd4 Bd6 14. Be3 Kd7 15. Rfc1 Rhc8 16. Kf1 b6 17. Ke2 Rxc1 18. Rxc1 Rc8 19. Rxc8 Kxc8 20. h3 Kd7 21. Kd3 Kc6 22. f3 Kd5 23. Bf2 b5 24. b3 Bc7 25. Be1 Bf4 26. Bf2 b4 27. Be3 Bg3 28. Bd2 a5 29. Be3 h5 30. Bc1 Bf2 31. Bf4 Bxd4 32. Bc7 e5 33. Bxa5 Bc5 34. g4 hxg4 35. hxg4 Be7 36. Bb6 g6 37. Be3 f5 38. gxf5 gxf5 39. Bd2 e4+ 40. fxe4+ fxe4+ 41. Ke2 Kd4 42. Be3+ Kd5 43. Bc1 Bc5 44. Bb2 Ke6 45. Bc1 Kf5 46. Bb2 Kf4 47. Bc1+ Ke5 48. Bb2+ Bd4 49. Bc1 Bc5 50. Bb2+ Kd5 1/2-1/2